Statistics for Capitals of Flags Letter C

Click here to take the quiz!

General Stats

  • This quiz has been taken 36 times
  • The average score is 11 of 15

Answer Stats

Answer% Correct
Beijing
89%
Bogotá
89%
Ottawa
89%
Phnom Penh
89%
Santiago
89%
Bangui
78%
Havana
78%
Moroni
78%
Nicosia
78%
Prague
78%
Zagreb
78%
San Jose
67%
N'Djamena
56%
Praia
56%
Yaounde
56%

Score Distribution

Percentile by Number Answered

Percent of People with Each Score

Your Score History

You have not taken this quiz